[Event "Istanbul Open 2017"]
[Site "Istanbul"]
[Date "2017.09.16"]
[Round "8"]
[White "Tastan, Hakan Mete"]
[Black "Onem, Uzay Altay"]
[Result "0-1"]
[WhiteElo "1958"]
[BlackElo "1886"]
[Annotator "NA RC"]
[PlyCount "98"]
[EventDate "2017.??.??"]
[EventType "swiss"]
[EventCountry "TUR"]
[SourceTitle "playchess.com"]
[Source "ChessBase"]
[SourceQuality "1"]
[TimeControl "5400+30"]

{[%evp 12,97,59,54,39,47,32767,32767,32767,32767,32767,32767,32767,32767,32767,32767,32767,32767,32767,32767,32767,32767,32767,32767,32767,32767,32767,32767,32767,32767,32767,7,11,32767,32767,32767,37,32767,32767,32767,32767,32767,32767,32767,59,-641,-599,-791,-858,-825,-946,-1088,50,56,69,32767,54,39,56,46,32767,32767,32767,32767,10,0,32,1,87,5,55,10,68,29,32767,32767,-422,-550,-579,-559,-616,-5406,-29977,-29973,-29978,-6270,-29981,-29966]} 1. c4 {[%emt 0:00:30]} Nf6 {[%emt 0:01:00]} 2. Nc3 {[%emt 0:00:30]} c5 {[%emt 0:00:00]} 3. Nf3 {[%emt 0:00:30]} Nc6 {[%emt 0:01:00]} 4. g3 {[%emt 0:02:30]} b6 {[%emt 0:02:30]} 5. Bg2 {[%emt 0:00:30]} Bb7 {[%emt 0:00:30]} 6. O-O {[%emt 0:02:30]} e6 {[%emt 0:04:30]} 7. d4 {[%emt 0:05:30]} cxd4 {[%emt 0:03:30]} 8. Nxd4 {[%emt 0:00:30] LiveBook: 8 Partien} a6 {[%emt 0:02:30] A30: Symmetrical English: Double Fianchetto and Hedgehog} 9. Nc2 {[%emt 0:03:30]} (9. Bf4 Rc8 10. Rc1 Be7 11. Nxc6 Bxc6 12. e4 d6 13. Qd3 Nd7 14. Rfd1 Ne5 15. Qe2 Ng6 16. Be3 {1-0 (46) Anton Guijarro,D (2660)-Pustovoitova,D (2420) Minsk 2017}) 9... Be7 {[%emt 0:02:30]} 10. Bf4 $146 {[%emt 0:03:30]} ({Predecessor:} 10. e4 Qc7 11. Bf4 d6 12. Rc1 {1-0 (54) Schon,A-Jamrozik,J Krakow 1996}) 10... O-O {[%emt 0:03:30]} 11. Qd2 {[%emt 0:01:30]} Qc8 {[%emt 0:02:30]} 12. Na4 {[%emt 0:04:30]} Bd8 {[%emt 0:00:30]} 13. Bd6 {[%emt 0:03:30]} Re8 {[%emt 0:01:30]} 14. Rac1 {[%emt 0:02:30]} Ne7 {[%emt 0:01:30]} 15. Bxb7 {[%emt 0:04:30]} Qxb7 {[%emt 0:01:30]} 16. Nc3 {[%emt 0:04:30]} Nc8 {[%emt 0:10:30]} 17. Ba3 {[%emt 0:05:30]} Be7 {[%emt 0:02:30]} 18. Qd3 {[%emt 0:02:30]} Bxa3 {[%emt 0:01:30]} 19. Nxa3 {[%emt 0:00:30]} Ne7 {[%emt 0:00:30]} 20. e4 {[%emt 0:00:30]} d5 {[%emt 0:01:30]} 21. e5 {[%emt 0:10:30]} Nd7 {[%emt 0:01:30]} 22. f4 {[%emt 0:02:30]} Nc5 {[%emt 0:00:30]} 23. Qf3 {[%emt 0:02:30]} Rad8 {[%emt 0:04:30]} (23... b5 $5 24. cxb5 Ne4 $11) 24. Rfd1 {[%emt 0:00:30]} Qd7 {[%emt 0:00:30]} 25. cxd5 {[%emt 0:00:30]} exd5 {[%emt 0:00:30]} 26. Nc4 {[%emt 0:00:30]} d4 {[%emt 0:00:30]} 27. Nxb6 {[%emt 0:09:30]} Qe6 {[%emt 0:03:30]} 28. f5 $2 {[%emt 0:03:00]} (28. b4 $14 Qxb6 29. bxc5 Qxc5 30. Ne4) 28... Qxb6 {[%emt 0:00:00]} 29. f6 {[%emt 0:01:26]} dxc3 {[%emt 0:01:00]} 30. Rxd8 {[%emt 0:00:53]} Qxd8 {[%emt 0:01:30]} 31. fxe7 {[%emt 0:02:33]} cxb2 $2 {[%emt 0:00:30]} (31... Qd4+ $19 32. Kh1 cxb2) 32. exd8=Q {[%emt 0:00:55]} (32. exd8=R $2 {is the wrong capture.} bxc1=Q+ 33. Qd1 Qe3+ 34. Kg2 Qxe5 $19) 32... bxc1=Q+ {[%emt 0:00:30]} 33. Qdd1 {[%emt 0:00:21]} Qb2 {[%emt 1:18:00]} 34. Qdd5 {[%emt 1:39:03]} Ne6 {[%emt 0:00:30]} 35. Qb7 {[%emt 0:00:30]} Qc1+ {[%emt 0:00:30]} 36. Kg2 {[%emt 0:00:30]} Rf8 {[%emt 0:00:30]} 37. Qxa6 {[%emt 0:00:00]} Rd8 {[%emt 0:00:30]} 38. Qaf1 {[%emt 0:02:36]} Qc7 {[%emt 0:00:30]} 39. Qe3 {[%emt 0:00:00]} h6 {[%emt 0:01:30]} (39... Rd5 $11) 40. h4 {[%emt 0:01:05]} Ra8 {[%emt 0:00:30]} 41. Qff2 {[%emt 0:00:59]} Ra5 {[%emt 0:01:30]} (41... Ra4 $11) 42. Qb2 {[%emt 0:01:06]} Rc5 {[%emt 0:01:30]} 43. Kh3 {[%emt 0:00:59]} Rc2 {[%emt 0:00:30]} 44. Qbb3 {[%emt 0:00:55]} Qc8 {[%emt 0:00:30]} 45. g4 {[%emt 0:01:50]} Qc6 {[%emt 0:01:30]} 46. Qf3 {[%emt 0:00:30] [#]} Nf4+ $1 {[%emt 0:00:30]} 47. Kg3 {[%emt 0:00:34]} Ne2+ {[%emt 0:00:30]} 48. Kf2 {[%emt 0:00:54]} Nd4+ {[%emt 0:00:30]} 49. Kg3 {[%emt 0:01:42]} Qxf3+ {[%emt 0:00:30]} 0-1

[Event "Istanbul Open 2017"]
[Site "Istanbul"]
[Date "2017.09.16"]
[Round "8"]
[White "Demirbag, Alihan"]
[Black "Konduk, Bekir Sami"]
[Result "1-0"]
[WhiteElo "1932"]
[BlackElo "1903"]
[Annotator "NA RC"]
[PlyCount "121"]
[EventDate "2017.??.??"]
[EventType "swiss"]
[EventCountry "TUR"]
[SourceTitle "playchess.com"]
[Source "ChessBase"]
[SourceQuality "1"]
[TimeControl "5400+30"]

{[%evp 10,119,0,-10,25,11,32767,32767,32767,32767,32767,32767,32767,32767,32767,32767,32767,32767,32767,32767,32767,32767,32767,32767,32767,32767,32767,32767,-23,-50,32767,6,0,-29,21,7,24,10,30,17,22,0,23,6,53,35,47,32767,32767,32767,32767,32767,32767,0,0,0,0,0,0,-2,0,-35,0,0,0,0,0,-145,-13,0,0,-12,0,0,0,-69,0,-47,0,0,124,118,230,250,1394,63,62,0,32767,32767,32767,32767,-40,-10,0,-71,0,0,0,0,58,3,0,3,5543,5527,29985,29986,29985,29988,29991,29992]} 1. e4 {[%emt 0:00:30]} c5 {[%emt 0:03:00]} 2. Nc3 {[%emt 0:00:30]} a6 {[%emt 0:00:30]} 3. g4 {[%emt 0:00:00]} d6 {[%emt 0:05:30]} 4. Bg2 {[%emt 0:01:30]} e5 {[%emt 0:00:30]} 5. d3 {[%emt 0:00:30]} Nc6 {[%emt 0:03:30] LiveBook: 3 Games} 6. Be3 {[%emt 0:01:30]} Qa5 {[%emt 0:05:30]} 7. h3 {[%emt 0:01:30]} h5 {[%emt 0:03:30]} 8. g5 {[%emt 0:01:30]} Nge7 {[%emt 0:00:30]} 9. Nge2 {[%emt 0:07:30]} Nd4 {[%emt 0:05:30]} 10. O-O {[%emt 0:01:30]} Be6 {[%emt 0:00:30]} 11. f4 {[%emt 0:00:30]} g6 {[%emt 0:01:30]} 12. Nd5 {[%emt 0:05:30]} Bxd5 {[%emt 0:06:30]} 13. exd5 {[%emt 0:00:30]} Ndf5 {[%emt 0:05:30]} 14. Bd2 {[%emt 0:05:30]} Qc7 {[%emt 0:00:30]} 15. fxe5 {[%emt 0:02:30]} dxe5 {[%emt 0:00:30]} 16. Qe1 {[%emt 0:04:30]} Bg7 {[%emt 0:03:30]} 17. Ba5 {[%emt 0:11:30]} Qd7 {[%emt 0:11:30]} 18. Ng3 {[%emt 0:07:30]} Nxg3 {[%emt 0:05:30]} 19. Qxg3 {[%emt 0:00:30]} O-O {[%emt 0:01:30]} 20. c4 {[%emt 0:00:30]} Nf5 {[%emt 0:00:30]} 21. Qe1 {[%emt 0:02:30]} Qe7 {[%emt 0:03:30]} (21... e4 $15 22. dxe4 Bd4+ 23. Kh1 Ne3) 22. Bd2 $1 {[%emt 0:03:30]} Nd4 {[%emt 0:04:30]} 23. Qe4 {[%emt 0:00:30]} Qd6 {[%emt 0:01:30]} 24. h4 {[%emt 0:04:37]} b5 {[%emt 0:00:30]} 25. Rf2 {[%emt 0:01:56]} Rab8 {[%emt 0:03:38]} 26. Bc3 {[%emt 1:26:58]} b4 {[%emt 1:31:48]} 27. Bd2 {[%emt 0:00:35]} (27. Bxd4 $5 cxd4 28. b3 $16) 27... f5 {[%emt 0:02:39]} 28. gxf6 {[%emt 0:01:04]} Rxf6 {[%emt 0:00:30]} 29. Rxf6 {[%emt 0:00:31]} Qxf6 {[%emt 0:00:30]} 30. Rf1 {[%emt 0:00:30]} Qd6 {[%emt 0:00:30]} 31. Bh3 {[%emt 0:00:55]} Rf8 {[%emt 0:05:11]} 32. Rxf8+ {[%emt 0:00:03]} Bxf8 {[%emt 0:03:41]} 33. a4 {[%emt 0:06:00]} Kh7 {[%emt 0:00:35]} 34. Be3 {[%emt 0:02:42]} Bh6 {[%emt 0:00:48]} 35. Bxd4 {[%emt 0:02:27]} cxd4 {[%emt 0:00:42]} 36. Be6 {[%emt 0:02:38]} Bf4 {[%emt 0:00:32]} 37. Qf3 {[%emt 0:01:09]} Qe7 {[%emt 0:00:10]} 38. Qh3 {[%emt 0:01:14]} (38. Kf1 $11 {bleibt in der Remisbreite.}) 38... Kh6 $2 {[%emt 0:00:16]} (38... Qf6 $19 39. Kg2 {[#]} e4 $1 {[%mdl 512]} 40. dxe4 d3 $1 {[%mdl 512]} 41. Qxd3 Qxb2+ 42. Kf3 Qh2) 39. b3 {[%emt 0:01:02]} Qf6 {[%emt 0:01:15]} 40. Kg2 $1 {[%emt 0:00:18]} Be3 {[%emt 0:00:17]} (40... e4 $1 $15 41. dxe4 Be5) 41. Qf3 {[%emt 0:00:11]} Bf4 $1 {[%emt 0:00:46]} 42. Qh3 {[%emt 0:00:49]} Qe7 {[%emt 0:00:46]} 43. Kh1 {[%emt 0:01:38]} Kg7 {[%emt 0:00:11]} 44. Kg2 {[%emt 0:00:34]} g5 {[%emt 0:00:46]} (44... a5 $11 {keeps the balance.}) 45. Qf5 {[%emt 0:00:17]} gxh4 {[%emt 0:00:18] [#]} (45... e4 $16) 46. d6 $1 {[%emt 0:00:36]} ({Much less strong is} 46. Qxh5 $6 Qg5+ 47. Qxg5+ Bxg5 $16) 46... Qf6 $2 {[%emt 0:00:41] [#]} (46... h3+ 47. Kxh3 Qf6) 47. c5 $2 {[%emt 0:00:36]} (47. Kf3 $1 $18 Qxf5 48. Bxf5) 47... e4 $1 {[%emt 0:00:14]} 48. dxe4 {[%emt 0:00:40]} d3 {[%emt 0:00:30]} 49. Qxf6+ {[%emt 0:00:29]} Kxf6 {[%emt 0:00:01]} 50. Bc4 {[%emt 0:00:21]} d2 {[%emt 0:00:17]} 51. Be2 {[%emt 0:00:01]} a5 {[%emt 0:00:20]} 52. Kh3 {[%emt 0:00:56]} (52. Bxh5 $11 Ke5 53. d7) 52... Bg3 {[%emt 0:01:41]} ({Lieber} 52... Ke6 $1 $15) 53. Bxh5 {[%emt 0:00:42]} Ke6 {[%emt 0:00:29]} 54. Bg4+ {[%emt 0:00:15]} Kf7 {[%emt 0:00:00]} (54... Kf6 $11) 55. e5 {[%emt 0:00:34]} Bxe5 {[%emt 0:01:00]} 56. Kxh4 {[%emt 0:00:01]} Ke8 $2 {[%emt 0:00:30]} (56... Kf6 $11) 57. Kg5 {[%emt 0:00:29]} Kd8 {[%emt 0:00:34]} 58. Kf5 {[%emt 0:00:18]} Bg3 {[%emt 0:00:25]} 59. Ke6 {[%emt 0:00:10]} Bf4 {[%emt 0:00:30]} 60. c6 {[%emt 0:00:15]} Bg3 {[%emt 0:00:34]} 61. c7+ {[%emt 0:00:09]} 1-0

[Event "Istanbul Open 2017"]
[Site "Istanbul"]
[Date "2017.09.16"]
[Round "8"]
[White "Ozen, Medeni"]
[Black "Coban, Suleyman"]
[Result "1-0"]
[WhiteElo "1718"]
[BlackElo "1676"]
[Annotator "NA RC"]
[PlyCount "99"]
[EventDate "2017.??.??"]
[EventType "swiss"]
[EventCountry "TUR"]
[SourceTitle "playchess.com"]
[Source "ChessBase"]
[SourceQuality "1"]
[TimeControl "5400+30"]

1. e4 c5 2. Nf3 d6 3. d4 cxd4 4. Nxd4 Nf6 5. Nc3 g6 6. Be3 Bg7 7. Bc4 O-O 8. f3 Nc6 9. Nxc6 bxc6 10. Qd2 Qa5 11. Bh6 Ba6 12. Bxa6 Qxa6 13. h4 Rab8 14. Bxg7 Kxg7 15. O-O-O Qb6 16. b3 Qa5 17. h5 Qa3+ 18. Kb1 a5 19. hxg6 fxg6 20. e5 dxe5 21. Qh6+ Kg8 22. Rh4 Rbd8 23. Re1 Rf7 24. Rxe5 Nd5 25. Nxd5 cxd5 26. Qd2 Qd6 27. Re1 Qc5 28. Rd4 Rf5 29. f4 Re8 30. g4 Rf7 31. Rxd5 Qc8 32. f5 gxf5 33. gxf5 Rxf5 34. Qg2+ Kh8 35. Rg1 Rf7 36. Rg5 Ref8 37. Qe2 Qc3 {[%emt 1:47:29]} 38. a4 {[%emt 1:08:00]} Qd4 {[%emt 0:00:30]} 39. Qg2 {[%emt 0:00:30]} Qxg1+ {[%emt 0:00:30]} 40. Qxg1 {[%emt 0:00:30]} Rf1+ {[%emt 0:00:30]} 41. Qxf1 {[%emt 0:00:30]} Rxf1+ {[%emt 0:00:30]} 42. Kb2 {[%emt 0:00:30]} Re1 {[%emt 0:00:39]} 43. Rxa5 {[%emt 0:00:00]} e5 {[%emt 0:01:19]} 44. Ra8+ {[%emt 0:00:00]} Kg7 {[%emt 0:00:05]} 45. a5 {[%emt 0:00:30]} h5 {[%emt 0:00:56]} 46. a6 {[%emt 0:00:30]} h4 {[%emt 0:00:30]} 47. a7 {[%emt 0:00:30]} h3 {[%emt 0:00:31]} 48. Rg8+ {[%emt 0:02:30]} Kxg8 {[%emt 0:00:03]} 49. a8=Q+ {[%emt 0:00:00]} Kg7 {[%emt 0:00:29]} 50. Qf3 {[%emt 0:00:00]} 1-0

[Event "Istanbul Open 2017"]
[Site "Istanbul"]
[Date "2017.09.16"]
[Round "8"]
[White "Bagci, Hikmet"]
[Black "Kilic, Eray"]
[Result "1/2-1/2"]
[WhiteElo "1706"]
[BlackElo "1727"]
[Annotator "NA"]
[PlyCount "93"]
[EventDate "2017.??.??"]
[EventType "swiss"]
[EventCountry "TUR"]
[SourceTitle "playchess.com"]
[Source "ChessBase"]
[SourceQuality "1"]
[TimeControl "5400+30"]

1. e4 {[%emt 0:00:30]} c5 {[%emt 0:01:00]} 2. Nf3 {[%emt 0:00:00]} Nc6 {[%emt 0:00:00]} 3. d4 {[%emt 0:00:00]} cxd4 {[%emt 0:00:00]} 4. Nxd4 {[%emt 0:00:00]} g6 {[%emt 0:00:00]} 5. c4 {[%emt 0:00:00]} Nf6 {[%emt 0:00:00]} 6. Nc3 {[%emt 0:00:30]} Nxd4 {[%emt 0:00:00]} 7. Qxd4 {[%emt 0:00:30]} d6 {[%emt 0:00:00]} 8. Be3 {[%emt 0:00:30]} Bg7 {[%emt 0:00:30]} 9. Be2 {[%emt 0:00:30]} O-O {[%emt 0:00:00]} 10. Qd2 {[%emt 0:00:00]} a5 {[%emt 0:00:00]} 11. f3 {[%emt 0:00:00]} a4 {[%emt 0:00:30]} 12. O-O {[%emt 0:00:30]} Qa5 {[%emt 0:00:00]} 13. Rab1 {[%emt 0:00:30]} Be6 {[%emt 0:06:00]} 14. Rfc1 {[%emt 0:00:30]} Rfc8 {[%emt 0:02:30]} 15. b4 {[%emt 0:00:30]} axb3 {[%emt 0:01:30]} 16. axb3 {[%emt 0:00:30]} Qb4 {[%emt 0:00:30]} 17. Rc2 {[%emt 0:00:30]} Bd7 {[%emt 0:16:30]} 18. Bd4 {[%emt 0:06:30]} Bc6 {[%emt 0:06:30]} 19. Kf1 {[%emt 0:04:30]} Rd8 {[%emt 0:09:30]} 20. Bxf6 {[%emt 0:01:30]} Bxf6 {[%emt 0:00:00]} 21. Nd5 {[%emt 0:00:00]} Qxd2 {[%emt 0:02:00]} 22. Nxf6+ {[%emt 0:00:00]} exf6 {[%emt 0:00:30]} 23. Rxd2 {[%emt 0:00:30]} Kf8 {[%emt 0:00:30]} 24. b4 {[%emt 0:01:30]} b6 {[%emt 0:00:30]} 25. b5 {[%emt 0:00:30]} Bb7 {[%emt 0:00:30]} 26. Kf2 {[%emt 0:01:30]} Ra3 {[%emt 0:03:30]} 27. Rc1 {[%emt 0:00:00]} Ke7 {[%emt 0:00:30]} 28. Bd3 {[%emt 0:00:00]} Rda8 {[%emt 0:06:30]} 29. Ke3 {[%emt 0:00:30]} Ra2 {[%emt 0:04:30]} 30. Rcc2 {[%emt 0:00:30]} R2a4 {[%emt 0:05:30]} 31. f4 {[%emt 0:03:30]} Rc8 {[%emt 0:05:30]} 32. Kd4 {[%emt 0:03:30]} Rd8 {[%emt 0:01:30]} 33. Ra2 {[%emt 0:00:00]} Rda8 {[%emt 0:00:30]} 34. Bb1 {[%emt 0:01:00]} Rxa2 {[%emt 0:00:30]} 35. Rxa2 {[%emt 0:00:00]} Rxa2 {[%emt 0:00:30]} 36. Bxa2 {[%emt 0:00:00]} f5 {[%emt 0:00:00]} 37. Bb1 {[%emt 0:00:30]} fxe4 {[%emt 0:01:00]} 38. Bxe4 {[%emt 0:00:00]} Bxe4 {[%emt 0:00:00]} 39. Kxe4 {[%emt 0:00:00]} Ke6 {[%emt 0:01:00]} 40. g4 {[%emt 0:01:30]} f5+ {[%emt 0:00:00]} 41. gxf5+ {[%emt 0:00:00]} gxf5+ {[%emt 0:00:00]} 42. Kd4 {[%emt 0:00:00]} h5 {[%emt 0:00:00]} 43. h4 {[%emt 0:00:30]} Ke7 {[%emt 0:00:00]} 44. Ke3 {[%emt 0:00:30]} Ke6 {[%emt 0:00:30]} 45. Kd4 {[%emt 0:01:30]} Ke7 {[%emt 0:00:00]} 46. Kd5 {[%emt 0:00:30]} Kd7 {[%emt 0:00:00]} 47. Kd4 {[%emt 0:01:30]} 1/2-1/2

[Event "Istanbul Open 2017"]
[Site "Istanbul"]
[Date "2017.09.16"]
[Round "8"]
[White "Sar, Can"]
[Black "Adanmis, Ezgi"]
[Result "1/2-1/2"]
[WhiteElo "1669"]
[BlackElo "1626"]
[Annotator "NA RC"]
[PlyCount "137"]
[EventDate "2017.??.??"]
[EventType "swiss"]
[EventCountry "TUR"]
[SourceTitle "playchess.com"]
[Source "ChessBase"]
[SourceQuality "1"]
[TimeControl "5400+30"]

1. e4 e6 2. d4 d5 3. Nd2 Nf6 4. e5 Nfd7 5. f4 c5 6. c3 b6 7. Ngf3 Ba6 8. Be2 Bxe2 9. Qxe2 Nc6 10. a3 c4 11. O-O Ne7 12. Re1 Nf5 13. Nf1 Be7 14. Ne3 Nf8 15. a4 Nxe3 16. Bxe3 Ng6 17. Qc2 Qd7 18. g3 O-O 19. h4 Rfb8 20. h5 Nf8 21. g4 b5 22. f5 exf5 23. gxf5 g6 24. e6 fxe6 25. Ne5 Qe8 26. fxg6 hxg6 27. hxg6 Bf6 28. Nf7 Bg7 29. Rf1 e5 30. dxe5 Qe6 31. Qf5 Qxg6+ 32. Ng5 Qxf5 33. Rxf5 bxa4 34. Rxa4 Rxb2 35. Rxa7 Rxa7 36. Bxa7 Re2 37. Bd4 Ng6 38. Nf3 Re4 39. Rg5 Nf4 40. Kf1 Ne6 41. Rg2 Rf4 42. Rf2 Kf8 43. Ne1 Rxf2+ 44. Kxf2 Ke7 45. Kf3 Nxd4+ 46. cxd4 Ke6 47. Kg4 Bxe5 48. dxe5 Kxe5 49. Kf3 Kd4 50. Ke2 Kc3 51. Kd1 d4 52. Kc1 {[%emt 1:13:00]} d3 {[%emt 1:43:04]} 53. Kd1 {[%emt 0:00:30]} Kd4 {[%emt 0:00:30]} 54. Nf3+ {[%emt 0:00:30]} Ke3 {[%emt 0:00:30]} 55. Nd2 {[%emt 0:00:30]} c3 {[%emt 0:00:30]} 56. Nb3 {[%emt 0:00:30]} Ke4 {[%emt 0:01:28]} 57. Ke1 {[%emt 0:01:30]} Kd5 {[%emt 0:01:01]} 58. Kd1 {[%emt 0:00:30]} Kc4 {[%emt 0:00:08]} 59. Nc1 {[%emt 0:00:00]} d2 {[%emt 0:01:40]} 60. Ne2 {[%emt 0:00:00]} Kd3 {[%emt 0:00:12]} 61. Nf4+ {[%emt 0:00:30]} Ke4 {[%emt 0:00:46]} 62. Ne2 {[%emt 0:00:00]} Kd3 {[%emt 0:00:25]} 63. Nf4+ {[%emt 0:00:00]} Ke3 {[%emt 0:01:40]} 64. Nd5+ {[%emt 0:00:30]} Kd4 {[%emt 0:00:09]} 65. Nb4 {[%emt 0:00:00]} Kc4 {[%emt 0:00:21]} 66. Nc2 {[%emt 0:00:00]} Kb3 {[%emt 0:00:08]} 67. Na1+ {[%emt 0:00:00]} Ka2 {[%emt 0:00:27]} 68. Nc2 {[%emt 0:00:00]} Kb2 {[%emt 0:00:03]} 69. Ne3 {[%emt 0:00:00]} 1/2-1/2

[Event "Istanbul Open 2017"]
[Site "Istanbul"]
[Date "2017.09.16"]
[Round "8"]
[White "Nukan, Baris Tuna"]
[Black "Inciler, Yusuf Efe"]
[Result "1/2-1/2"]
[WhiteElo "1656"]
[BlackElo "1494"]
[Annotator "NA"]
[PlyCount "73"]
[EventDate "2017.??.??"]
[EventType "swiss"]
[EventCountry "TUR"]
[SourceTitle "playchess.com"]
[Source "ChessBase"]
[SourceQuality "1"]
[TimeControl "5400+30"]

1. e4 {[%emt 0:00:30]} e5 {[%emt 0:01:00]} 2. Nc3 {[%emt 0:00:00]} Nc6 {[%emt 0:00:00]} 3. f4 {[%emt 0:00:00]} d6 {[%emt 0:00:00]} 4. Nf3 {[%emt 0:00:30]} Nf6 {[%emt 0:00:30]} 5. Bb5 {[%emt 0:00:30]} Bd7 {[%emt 0:05:30]} 6. d3 {[%emt 0:01:30]} exf4 {[%emt 0:01:30]} 7. Bxf4 {[%emt 0:01:30]} a6 {[%emt 0:01:30]} 8. Ba4 {[%emt 0:00:30]} b5 {[%emt 0:01:30]} 9. Bb3 {[%emt 0:00:30]} Bg4 {[%emt 0:01:30]} 10. h3 {[%emt 0:14:30]} Bxf3 {[%emt 0:00:30]} 11. Qxf3 {[%emt 0:00:00]} Nd4 {[%emt 0:02:30]} 12. Qf2 {[%emt 0:00:00]} Nxb3 {[%emt 0:03:30]} 13. axb3 {[%emt 0:00:30]} Nh5 {[%emt 0:02:30]} 14. O-O {[%emt 0:01:30]} Nxf4 {[%emt 0:00:30]} 15. Qxf4 {[%emt 0:00:30]} Qd7 {[%emt 0:01:30]} 16. Nd5 {[%emt 0:01:30]} f6 {[%emt 0:02:30]} 17. Qh4 {[%emt 0:01:30]} Qf7 {[%emt 0:02:30]} 18. Qf4 {[%emt 0:09:30]} Ra7 {[%emt 0:01:30]} 19. Qf5 {[%emt 0:01:30]} Qd7 {[%emt 0:00:30]} 20. Ra2 {[%emt 0:03:30]} Be7 {[%emt 0:03:30]} 21. Rfa1 {[%emt 0:01:30]} Qxf5 {[%emt 0:03:30]} 22. exf5 {[%emt 0:00:30]} Kd7 {[%emt 0:01:30]} 23. Nxe7 {[%emt 0:00:30]} Kxe7 {[%emt 0:00:00]} 24. Rxa6 {[%emt 0:00:30]} Rxa6 {[%emt 0:00:00]} 25. Rxa6 {[%emt 0:00:00]} Kd7 {[%emt 0:00:30]} 26. Kf2 {[%emt 0:01:00]} Re8 {[%emt 0:00:00]} 27. g4 {[%emt 0:00:30]} g6 {[%emt 0:01:00]} 28. fxg6 {[%emt 0:01:30]} hxg6 {[%emt 0:00:30]} 29. Ra1 {[%emt 0:01:30]} Rh8 {[%emt 0:01:30]} 30. Kg3 {[%emt 0:00:30]} Re8 {[%emt 0:00:00]} 31. Rf1 {[%emt 0:00:30]} Re2 {[%emt 0:01:00]} 32. Rf2 {[%emt 0:01:30]} Re3+ {[%emt 0:00:00]} 33. Kg2 {[%emt 0:00:30]} Ke6 {[%emt 0:00:00]} 34. h4 {[%emt 0:04:30]} c5 {[%emt 0:00:30]} 35. Rd2 {[%emt 0:03:30]} Ke5 {[%emt 0:00:30]} 36. Rf2 {[%emt 0:00:30]} Ke6 {[%emt 0:00:30]} 37. Rd2 {[%emt 0:07:30]} 1/2-1/2

[Event "Istanbul Open 2017"]
[Site "Istanbul"]
[Date "2017.09.16"]
[Round "8"]
[White "Kabadayi, Suleyman Arda"]
[Black "Ilter, Kerem"]
[Result "1/2-1/2"]
[WhiteElo "1579"]
[BlackElo "1630"]
[Annotator "NA RC"]
[PlyCount "161"]
[EventDate "2017.??.??"]
[EventType "swiss"]
[EventCountry "TUR"]
[SourceTitle "playchess.com"]
[Source "ChessBase"]
[SourceQuality "1"]
[TimeControl "5400+30"]

1. e4 e6 2. d4 d5 3. Nc3 Nc6 4. Nf3 Nf6 5. e5 Ne4 6. Bd3 Bb4 7. Bd2 Nxd2 8. Qxd2 b6 9. O-O-O Bb7 10. a3 Be7 11. Rde1 a6 12. Ne2 Na5 13. Kb1 c5 14. c3 c4 15. Bc2 b5 16. Nfg1 Nc6 17. f4 a5 18. Ka2 b4 19. Ba4 Qb6 20. Nf3 O-O 21. g4 bxa3 22. bxa3 Nb4+ 23. Ka1 Nd3 24. Rb1 Qc7 25. Nc1 Ba6 26. Qa2 Rab8 27. Ne2 Rfc8 28. h4 Bf8 29. h5 Qe7 30. g5 Qxa3 31. Qxa3 Bxa3 32. Rxb8 Rxb8 33. Rb1 {[%emt 1:43:17]} Rxb1+ {[%emt 1:14:00]} 34. Kxb1 {[%emt 0:00:30]} Kf8 {[%emt 0:00:30]} 35. Nh4 {[%emt 0:00:30]} Be7 {[%emt 0:00:30]} 36. Ng2 {[%emt 0:00:37]} Nf2 {[%emt 0:00:30]} 37. Ne3 {[%emt 0:00:59]} Ne4 {[%emt 0:00:30]} 38. Kc2 {[%emt 0:00:00]} Nf2 {[%emt 0:02:30]} 39. Kb2 {[%emt 0:00:26]} Nd3+ {[%emt 0:00:30]} 40. Ka2 {[%emt 0:02:00]} h6 {[%emt 0:02:30]} 41. g6 {[%emt 0:00:50]} Bh4 {[%emt 0:01:30]} 42. f5 {[%emt 0:01:01]} Bg5 {[%emt 0:00:30]} 43. Ng2 {[%emt 0:00:34]} exf5 {[%emt 0:02:30]} 44. Bc6 {[%emt 0:00:12]} fxg6 {[%emt 0:00:00]} 45. hxg6 {[%emt 0:00:02]} h5 {[%emt 0:01:00]} 46. Ng3 {[%emt 0:01:29]} h4 {[%emt 0:00:30]} 47. Nxf5 {[%emt 0:00:13]} h3 {[%emt 0:00:30]} 48. Nge3 {[%emt 0:00:21]} h2 {[%emt 0:01:30]} 49. Bxd5 {[%emt 0:00:32]} Nf2 {[%emt 0:08:05]} 50. Ka3 {[%emt 0:00:30]} h1=Q {[%emt 0:00:36]} 51. Bxh1 {[%emt 0:00:30]} Nxh1 {[%emt 0:00:43]} 52. Ka4 {[%emt 0:00:30]} Bd8 {[%emt 0:00:36]} 53. d5 {[%emt 0:00:35]} Nf2 {[%emt 0:00:00]} 54. d6 {[%emt 0:00:34]} Bc8 {[%emt 0:00:29]} 55. Nd4 {[%emt 0:00:29]} Ne4 {[%emt 0:00:40]} 56. Nxc4 {[%emt 0:00:26]} Nxc3+ {[%emt 0:00:36]} 57. Kb3 {[%emt 0:00:30]} Nd5 {[%emt 0:00:53]} 58. e6 {[%emt 0:00:30]} Nf4 {[%emt 0:00:36]} 59. e7+ {[%emt 0:00:30]} Bxe7 {[%emt 0:00:33]} 60. dxe7+ {[%emt 0:00:30]} Kxe7 {[%emt 0:00:36]} 61. Nxa5 {[%emt 0:00:30]} Nxg6 {[%emt 0:00:37]} 62. Nc4 {[%emt 0:00:30]} Nf4 {[%emt 0:00:04]} 63. Kc2 {[%emt 0:00:37]} Kf6 {[%emt 0:02:28]} 64. Kd2 {[%emt 0:00:08]} Kg5 {[%emt 0:00:36]} 65. Ke3 {[%emt 0:00:30]} Nd5+ {[%emt 0:00:16]} 66. Kf2 {[%emt 0:00:43]} Nf6 {[%emt 0:00:38]} 67. Nd6 {[%emt 0:00:13]} Bd7 {[%emt 0:00:20]} 68. Kf3 {[%emt 0:00:52]} Kh5 {[%emt 0:01:20]} 69. Kg3 {[%emt 0:00:30]} g6 {[%emt 0:00:52]} 70. Nc4 {[%emt 0:00:23]} g5 {[%emt 0:01:01]} 71. Ne5 {[%emt 0:00:19]} Bc8 {[%emt 0:00:36]} 72. Nf7 {[%emt 0:00:44]} Nd5 {[%emt 0:02:12]} 73. Nxg5 {[%emt 0:00:29]} Kxg5 {[%emt 0:00:06]} 74. Nf3+ {[%emt 0:00:27]} Kf5 {[%emt 0:00:09]} 75. Nh4+ {[%emt 0:00:15]} Ke4 {[%emt 0:00:09]} 76. Kf2 {[%emt 0:00:19]} Ba6 {[%emt 0:00:17]} 77. Kg3 {[%emt 0:01:04]} Ne7 {[%emt 0:00:49]} 78. Kg4 {[%emt 0:00:30]} Be2+ {[%emt 0:00:30]} 79. Kg5 {[%emt 0:00:30]} Nd5 {[%emt 0:00:30]} 80. Ng6 {[%emt 0:00:30]} Ne3 {[%emt 0:00:30]} 81. Nf4 {[%emt 0:00:24]} 1/2-1/2